| 000 | 00884nam a22002897a 4500 | ||
|---|---|---|---|
| 003 | CHAP | ||
| 005 | 20220329140815.0 | ||
| 008 | 971013s1974 r 00010 d | ||
| 010 | _a57931 | ||
| 011 | _a58903 | ||
| 035 | _a63059 | ||
| 040 | _cCHAP | ||
| 082 |
_a632 _bS85 |
||
| 100 | 0 | 0 |
_aStevens, Russell B. _9109732 |
| 245 | _aplant disease | ||
| 260 |
_aNew York : _bRonald Press, _c1974 |
||
| 300 |
_a459 p. _b: ilus. |
||
| 590 |
_aBATCH-UPD _b10 _c20130110 _lUCH01 _h0743 |
||
| 590 |
_aBATCH-UPD _b10 _c20130410 _lUCH01 _h0425 |
||
| 590 |
_aBATCH-UPD _b10 _c20130914 _lUCH01 _h1414 |
||
| 590 |
_aCONVERSION _b10 _c20130109 _lUCH01 _h1331 |
||
| 650 | 1 | 4 |
_aFitopatología. _941161 |
| 901 | _aBK | ||
| 942 | _cLIBRO | ||
| 949 |
_a632 S85 _bBC _cLIBRO _d33724000175477 _eLIBRO _h51275 _i63059 _si _t553.00 |
||
| 949 |
_a632 S85 _bBC _cLIBRO _d33724000175485 _eLIBRO _fc.2 _h71029 _i63059 _si _t553.00 |
||
| 999 |
_c57931 _d57931 |
||